000 00461nam a22001817a 4500
001 00028739
005 20260409150855.0
008 260409b ag ||||| |||| 00| 0 spa d
020 _a8441322740
040 _bspa
_cAR-CcCEOS
080 _a937
090 _bGRA
245 _aGran Historia Universal :
_bEl declive del Imperio romano
260 _aBarcelona :
_bfolio,
_cc2007.
300 _a119 p. ;
_c30x23 cm.
650 0 _ahistoria
942 _2udc
_cBK
999 _c28774
_d28774
945 _c66467
_dMelina Rolando